000 00965nam2a22002531 4500
001 rc\2315825
005 20250623045214.0
035 _a(NLR Aleph) 006576777
090 _a7003284
_c7003284
100 _a20110829d1977 |||y0rusy50 ca
101 0 _arus
102 _aRU
105 _ay z |||||
200 0 _a... за 1976 год
210 _d1977
_aБ. м.
215 _a32 с.
461 0 _1001rc\2315824
_12001#$aОтчет о деятельности общества "Знание" Таджикской ССР...$v... за 1976 год
_97003280
_a"Знание", общество ТаджССР (Душанбе)
_cДушанбе
_d1977
_nБ. и.
_tОтчет о деятельности общества "Знание" Таджикской ССР...
_v... за 1976 год
801 0 _aRU
_bNLR
_gpsbo
801 1 _aRU
_bELAR
_2rusmarc
852 _aNLR
_j77-4/27985
899 _aRuMoRGB
_jМ 77-6/53
899 _aRuMoRGB
_jМ 77-6/55
942 _cBOOK
980 _aNB